Introducción al álgebra vectorial.
Guardado en:
| Autor Principal: | |
|---|---|
| Formato: | Libro |
| Idioma: | Spanish |
| Publicado: |
Buenos Aires :
Talleres Gráficos "Tomás Palumbo",
1945.
|
| Materias: | |
| Etiquetas: |
Agregar Etiqueta
Sin Etiquetas, Sea el primero en etiquetar este registro!
|
| LEADER | 00515cam a2200169ua 4500 | ||
|---|---|---|---|
| 001 | MAT.inmabb006043 | ||
| 008 | 830909s1945####ag#a##########000#0#spa## | ||
| 005 | 20101006164010.0 | ||
| 245 | 0 | 0 | |a Introducción al álgebra vectorial. |
| 260 | |a Buenos Aires : |b Talleres Gráficos "Tomás Palumbo", |c 1945. | ||
| 300 | |a 137 p. : |b diagrs. ; |c 27 cm. | ||
| 100 | 1 | |a Pi Calleja, Pedro. | |
| 650 | 0 | |a Vector analysis. | |
| 650 | 0 | |a Calculus of tensors. | |
| 010 | |a 47026742 | ||
| 040 | |a DLC |c CarP |d DLC | ||
| 859 | |p A-6549 |b BIB. MATEMATICA | ||
